000
00288nam a2200109Ia 4500
008
200302s9999 xx 000 0 und d
100
_a
Rob Gregory
245
_a
Key Contemporary Buildings Plans, Sections & Elevations
260
_b
Laurence King Publishing
260
_c
2008
300
_a
240
999
_c
3385
_d
3385